[Event "EYCC Open-U16 2019"]
[Site "Bratislava"]
[Date "2019.08.06"]
[Round "5.4"]
[White "Globus, Or"]
[Black "De Boer, Eelke"]
[Result "1/2-1/2"]
[WhiteElo "2352"]
[BlackElo "2279"]
[Annotator "NA"]
[PlyCount "51"]
[EventDate "2019.08.02"]
[EventType "swiss"]
[EventCountry "SVK"]
[SourceTitle "playchess.com"]
[Source "ChessBase"]
[SourceQuality "1"]
[TimeControl "40/5400+30:1800+30"]

1. d4 {[%emt 0:00:00]} Nf6 {[%emt 0:00:00]} 2. Nf3 {[%emt 0:00:00]} g6 {[%emt 0:00:00]} 3. g3 {[%emt 0:00:07]} Bg7 {[%emt 0:00:00]} 4. Bg2 {[%emt 0:00:09]} O-O {[%emt 0:00:08]} 5. O-O {[%emt 0:00:12]} d6 {[%emt 0:00:19]} 6. b3 {[%emt 0:00:22]} c5 {[%emt 0:15:52]} 7. c4 {[%emt 0:00:47]} Nc6 {[%emt 0:03:00]} 8. Bb2 {[%emt 0:00:24]} Ne4 {[%emt 0:11:23]} 9. e3 {[%emt 0:00:13]} f5 {[%emt 0:04:14]} 10. Nc3 {[%emt 0:27:21]} e6 {[%emt 0:06:45]} 11. Rc1 {[%emt 0:05:57]} Qe7 {[%emt 0:07:35]} 12. d5 {[%emt 0:09:55]} Nb4 {[%emt 0:06:51]} 13. Qe2 {[%emt 0:08:17]} Nxc3 {[%emt 0:03:23]} 14. Bxc3 {[%emt 0:00:22]} Bxc3 {[%emt 0:00:11]} 15. Rxc3 {[%emt 0:00:07]} exd5 {[%emt 0:00:13]} 16. a3 {[%emt 0:02:36]} d4 {[%emt 0:00:44]} 17. Rcc1 {[%emt 0:00:27]} Nc6 {[%emt 0:00:07]} 18. Rcd1 {[%emt 0:00:24]} Bd7 {[%emt 0:11:45]} 19. Rfe1 {[%emt 0:01:51]} dxe3 {[%emt 0:02:41]} 20. Qxe3 {[%emt 0:00:42]} Qxe3 {[%emt 0:01:19]} 21. Rxe3 {[%emt 0:00:06]} Rf6 {[%emt 0:00:07]} 22. Red3 {[%emt 0:01:47]} Re8 {[%emt 0:05:56]} 23. Rxd6 {[%emt 0:01:57]} Rxd6 {[%emt 0:00:08]} 24. Rxd6 {[%emt 0:00:09]} Re7 {[%emt 0:00:53]} 25. Kf1 {[%emt 0:08:17]} Na5 {[%emt 0:11:16]} 26. Nd2 {[%emt 0:05:59]} 1/2-1/2

[Event "EYCC Open-U16 2019"]
[Site "Bratislava"]
[Date "2019.08.06"]
[Round "5.5"]
[White "Horvath, Dominik"]
[Black "Van Dael, Siem"]
[Result "1/2-1/2"]
[WhiteElo "2424"]
[BlackElo "2319"]
[Annotator "NA"]
[PlyCount "65"]
[EventDate "2019.08.02"]
[EventType "swiss"]
[EventCountry "SVK"]
[SourceTitle "playchess.com"]
[Source "ChessBase"]
[SourceQuality "1"]
[TimeControl "40/5400+30:1800+30"]

1. Nf3 {[%emt 0:00:00]} Nf6 {[%emt 0:00:42]} 2. g3 {[%emt 0:00:00]} g6 {[%emt 0:00:49]} 3. b3 {[%emt 0:00:00]} Bg7 {[%emt 0:00:37]} 4. Bb2 {[%emt 0:00:00]} d6 {[%emt 0:00:05]} 5. d4 {[%emt 0:00:04]} O-O {[%emt 0:00:13]} 6. Bg2 {[%emt 0:00:03]} Ne4 {[%emt 0:04:18]} 7. Nbd2 {[%emt 0:02:25]} Nxd2 {[%emt 0:01:36]} 8. Qxd2 {[%emt 0:01:05]} c5 {[%emt 0:01:46]} 9. c4 {[%emt 0:05:20]} Nc6 {[%emt 0:00:58]} 10. dxc5 {[%emt 0:22:04]} Bxb2 {[%emt 0:05:55]} 11. Qxb2 {[%emt 0:00:04]} dxc5 {[%emt 0:00:54]} 12. O-O {[%emt 0:00:06]} Qc7 {[%emt 0:01:03]} 13. h3 {[%emt 0:07:51]} b6 {[%emt 0:05:31]} 14. Rfd1 {[%emt 0:02:01]} Bb7 {[%emt 0:01:00]} 15. Qd2 {[%emt 0:04:26]} Kg7 {[%emt 0:06:05]} 16. Qd7 {[%emt 0:00:45]} Rac8 {[%emt 0:00:54]} 17. Qxc7 {[%emt 0:05:46]} Rxc7 {[%emt 0:00:08]} 18. Rd2 {[%emt 0:00:02]} Rd8 {[%emt 0:03:05]} 19. Rad1 {[%emt 0:00:41]} Rxd2 {[%emt 0:00:24]} 20. Rxd2 {[%emt 0:00:03]} f6 {[%emt 0:00:31]} 21. Ne1 {[%emt 0:03:05]} Ne5 {[%emt 0:02:00]} 22. Rd8 {[%emt 0:07:28]} Nc6 {[%emt 0:01:47]} 23. Rd2 {[%emt 0:01:35]} Ne5 {[%emt 0:00:06]} 24. f4 {[%emt 0:08:29]} Bxg2 {[%emt 0:02:38]} 25. Kxg2 {[%emt 0:00:03]} Rd7 {[%emt 0:00:15]} 26. Rxd7 {[%emt 0:00:06]} Nxd7 {[%emt 0:00:08]} 27. Kf3 {[%emt 0:00:03]} f5 {[%emt 0:04:02]} 28. e4 {[%emt 0:01:23]} e5 {[%emt 0:01:49]} 29. exf5 {[%emt 0:09:00]} gxf5 {[%emt 0:00:11]} 30. fxe5 {[%emt 0:00:07]} Nxe5+ {[%emt 0:00:06]} 31. Ke3 {[%emt 0:00:05]} Kf6 {[%emt 0:00:28]} 32. Ng2 {[%emt 0:01:11]} Nc6 {[%emt 0:00:59]} 33. Ne1 {[%emt 0:03:02]} 1/2-1/2

[Event "EYCC Open-U16 2019"]
[Site "Bratislava"]
[Date "2019.08.06"]
[Round "5.6"]
[White "Mukhutdinov, Tigran"]
[Black "Subelj, Jan"]
[Result "1/2-1/2"]
[WhiteElo "2328"]
[BlackElo "2425"]
[Annotator "NA"]
[PlyCount "126"]
[EventDate "2019.08.02"]
[EventType "swiss"]
[EventCountry "SVK"]
[SourceTitle "playchess.com"]
[Source "ChessBase"]
[SourceQuality "1"]
[TimeControl "40/5400+30:1800+30"]

1. d4 {[%emt 0:00:00]} Nf6 {[%emt 0:00:13]} 2. c4 {[%emt 0:00:00]} e6 {[%emt 0:00:44]} 3. g3 {[%emt 0:00:00]} d5 {[%emt 0:04:29]} 4. Bg2 {[%emt 0:00:13]} dxc4 {[%emt 0:00:16]} 5. Nf3 {[%emt 0:00:32]} Nc6 {[%emt 0:02:44]} 6. Qa4 {[%emt 0:02:31]} Bb4+ {[%emt 0:00:36]} 7. Bd2 {[%emt 0:00:19]} Nd5 {[%emt 0:01:40]} 8. Bxb4 {[%emt 0:01:12]} Ndxb4 {[%emt 0:00:06]} 9. O-O {[%emt 0:02:09]} Rb8 {[%emt 0:12:24]} 10. Nc3 {[%emt 0:02:20]} O-O {[%emt 0:02:42]} 11. a3 {[%emt 0:02:46]} Nd5 {[%emt 0:00:30]} 12. Qxc4 {[%emt 0:01:58]} Nb6 {[%emt 0:04:36]} 13. Qd3 {[%emt 0:01:51]} Qe7 {[%emt 0:07:09]} 14. Rfd1 {[%emt 0:06:17]} Rd8 {[%emt 0:10:04]} 15. Qc2 {[%emt 0:09:02]} Bd7 {[%emt 0:09:38]} 16. Ne4 {[%emt 0:04:39]} Be8 {[%emt 0:04:34]} 17. Neg5 {[%emt 0:09:33]} f5 {[%emt 0:00:46]} 18. h4 {[%emt 0:01:13]} Bh5 {[%emt 0:04:09]} 19. Qb3 {[%emt 0:08:32]} Rd6 {[%emt 0:05:24]} 20. e3 {[%emt 0:12:26]} h6 {[%emt 0:04:13]} 21. Nh3 {[%emt 0:00:05]} Qf6 {[%emt 0:00:05]} 22. Nf4 {[%emt 0:01:45]} Bf7 {[%emt 0:00:02]} 23. Qc2 {[%emt 0:00:38]} g5 {[%emt 0:05:47]} 24. Nd3 {[%emt 0:00:14]} Bh5 {[%emt 0:00:17]} 25. hxg5 {[%emt 0:01:31]} hxg5 {[%emt 0:00:01]} 26. Re1 {[%emt 0:01:50]} Bxf3 {[%emt 0:05:19]} 27. Bxf3 {[%emt 0:00:05]} Nd7 {[%emt 0:02:03]} 28. b4 {[%emt 0:03:36]} e5 {[%emt 0:01:07]} 29. Bxc6 {[%emt 0:05:14]} Rxc6 {[%emt 0:00:01]} 30. Qb3+ {[%emt 0:01:42]} Kg7 {[%emt 0:02:35]} 31. dxe5 {[%emt 0:01:25]} Nxe5 {[%emt 0:00:13]} 32. Nxe5 {[%emt 0:00:15]} Qxe5 {[%emt 0:00:05]} 33. Rad1 {[%emt 0:01:05]} Rf6 {[%emt 0:01:36]} 34. Rd7+ {[%emt 0:02:58]} Kg6 {[%emt 0:01:26]} 35. Qc4 {[%emt 0:01:34]} c6 {[%emt 0:01:07]} 36. Red1 {[%emt 0:00:46]} b5 {[%emt 0:02:40]} 37. Qd3 {[%emt 0:00:56]} a6 {[%emt 0:01:12]} 38. Ra7 {[%emt 0:02:04]} Rbf8 {[%emt 0:05:13]} 39. Rxa6 {[%emt 0:02:06]} Qe7 {[%emt 0:00:06]} 40. Qd4 {[%emt 0:00:00]} Qh7 {[%emt 0:00:00]} 41. Ra7 {[%emt 0:19:42]} Qh5 {[%emt 0:01:19]} 42. e4 {[%emt 0:02:46]} Qf3 {[%emt 0:03:26]} 43. exf5+ {[%emt 0:04:47]} Qxf5 {[%emt 0:00:05]} 44. Rd2 {[%emt 0:00:45]} Re8 {[%emt 0:01:31]} 45. Qd3 {[%emt 0:07:35]} Qxd3 {[%emt 0:01:27]} 46. Rxd3 {[%emt 0:00:04]} Re2 {[%emt 0:00:59]} 47. f3 {[%emt 0:01:01]} Rfe6 {[%emt 0:08:29]} 48. Rad7 {[%emt 0:01:05]} Kf5 {[%emt 0:00:57]} 49. Rd2 {[%emt 0:02:38]} R2e3 {[%emt 0:01:39]} 50. R7d3 {[%emt 0:00:25]} g4 {[%emt 0:05:04]} 51. Kf2 {[%emt 0:00:10]} Re1 {[%emt 0:00:19]} 52. Rc2 {[%emt 0:01:08]} gxf3 {[%emt 0:01:42]} 53. Rxf3+ {[%emt 0:00:47]} Kg4 {[%emt 0:00:36]} 54. Rf4+ {[%emt 0:00:48]} Kg5 {[%emt 0:00:07]} 55. Rc3 {[%emt 0:00:16]} R1e2+ {[%emt 0:00:52]} 56. Kf3 {[%emt 0:00:08]} Re1 {[%emt 0:00:03]} 57. Rc5+ {[%emt 0:00:14]} Kg6 {[%emt 0:00:06]} 58. Kg4 {[%emt 0:01:31]} R1e3 {[%emt 0:01:31]} 59. Rg5+ {[%emt 0:00:50]} Kh6 {[%emt 0:00:14]} 60. Kh4 {[%emt 0:00:39]} Rxa3 {[%emt 0:02:15]} 61. Rf8 {[%emt 0:02:30]} Re4+ {[%emt 0:00:17]} 62. Rg4 {[%emt 0:01:43]} Rxg4+ {[%emt 0:00:12]} 63. Kxg4 {[%emt 0:00:03]} Rc3 {[%emt 0:00:54]} 1/2-1/2

[Event "EYCC Open-U16 2019"]
[Site "Bratislava"]
[Date "2019.08.06"]
[Round "5.7"]
[White "Ceres, Dragos"]
[Black "Stoyanov, Tsvetan"]
[Result "1/2-1/2"]
[WhiteElo "2266"]
[BlackElo "2387"]
[Annotator "NA"]
[PlyCount "73"]
[EventDate "2019.08.02"]
[EventType "swiss"]
[EventCountry "SVK"]
[SourceTitle "playchess.com"]
[Source "ChessBase"]
[SourceQuality "1"]
[TimeControl "40/5400+30:1800+30"]

1. e4 {[%emt 0:00:00]} c5 {[%emt 0:00:00]} 2. Nf3 {[%emt 0:00:00]} e6 {[%emt 0:00:00]} 3. d4 {[%emt 0:00:00]} cxd4 {[%emt 0:00:00]} 4. Nxd4 {[%emt 0:00:00]} Nf6 {[%emt 0:00:08]} 5. Nc3 {[%emt 0:00:04]} Nc6 {[%emt 0:00:13]} 6. Ndb5 {[%emt 0:08:13]} Bc5 {[%emt 0:00:27]} 7. Nd6+ {[%emt 0:06:07]} Ke7 {[%emt 0:00:06]} 8. Bf4 {[%emt 0:01:02]} e5 {[%emt 0:04:34]} 9. Nxc8+ {[%emt 0:02:30]} Rxc8 {[%emt 0:00:16]} 10. Bg5 {[%emt 0:00:11]} Bb4 {[%emt 0:00:08]} 11. Qd2 {[%emt 0:16:50]} Ke8 {[%emt 0:05:43]} 12. Bd3 {[%emt 0:07:07]} h6 {[%emt 0:19:17]} 13. Bxf6 {[%emt 0:02:05]} gxf6 {[%emt 0:02:26]} 14. O-O {[%emt 0:01:54]} Qa5 {[%emt 0:01:58]} 15. f4 {[%emt 0:06:43]} Nd4 {[%emt 0:07:03]} 16. fxe5 {[%emt 0:02:18]} Qxe5 {[%emt 0:01:15]} 17. Kh1 {[%emt 0:07:58]} h5 {[%emt 0:12:47]} 18. a3 {[%emt 0:08:17]} Ba5 {[%emt 0:03:14]} 19. Rae1 {[%emt 0:06:04]} Kf8 {[%emt 0:09:55]} 20. g3 {[%emt 0:05:16]} h4 {[%emt 0:08:24]} 21. g4 {[%emt 0:00:05]} Ne6 {[%emt 0:04:50]} 22. Qf2 {[%emt 0:01:16]} Bxc3 {[%emt 0:05:00]} 23. bxc3 {[%emt 0:00:03]} Rxc3 {[%emt 0:06:22]} 24. Qxa7 {[%emt 0:01:16]} Nf4 {[%emt 0:00:45]} 25. Qe3 {[%emt 0:03:53]} Nxd3 {[%emt 0:01:28]} 26. cxd3 {[%emt 0:00:10]} Qd6 {[%emt 0:00:27]} 27. Rd1 {[%emt 0:04:50]} Rxa3 {[%emt 0:00:43]} 28. g5 {[%emt 0:00:27]} Ra2 {[%emt 0:02:58]} 29. Rd2 {[%emt 0:00:44]} Rxd2 {[%emt 0:00:15]} 30. Qxd2 {[%emt 0:00:06]} fxg5 {[%emt 0:01:05]} 31. Qxg5 {[%emt 0:00:06]} Rh6 {[%emt 0:03:02]} 32. Rc1 {[%emt 0:06:54]} Qf6 {[%emt 0:00:29]} 33. Rc8+ {[%emt 0:00:30]} Ke7 {[%emt 0:00:02]} 34. Qc5+ {[%emt 0:00:08]} Qd6 {[%emt 0:00:01]} 35. Qg5+ {[%emt 0:00:28]} Qf6 {[%emt 0:01:12]} 36. Qc5+ {[%emt 0:01:05]} Qd6 {[%emt 0:00:01]} 37. Qg5+ {[%emt 0:00:12]} 1/2-1/2

[Event "EYCC Open-U16 2019"]
[Site "Bratislava"]
[Date "2019.08.06"]
[Round "5.8"]
[White "Juksta, Karolis"]
[Black "Suvorov, Alexander"]
[Result "1-0"]
[WhiteElo "2261"]
[BlackElo "2333"]
[Annotator "NA"]
[PlyCount "163"]
[EventDate "2019.08.02"]
[EventType "swiss"]
[EventCountry "SVK"]
[SourceTitle "playchess.com"]
[Source "ChessBase"]
[SourceQuality "1"]
[TimeControl "40/5400+30:1800+30"]

1. d4 {[%emt 0:00:00]} Nf6 {[%emt 0:00:00]} 2. c4 {[%emt 0:00:00]} e6 {[%emt 0:00:00]} 3. Nc3 {[%emt 0:00:00]} Bb4 {[%emt 0:00:18]} 4. e3 {[%emt 0:01:09]} O-O {[%emt 0:00:14]} 5. Nge2 {[%emt 0:00:29]} Re8 {[%emt 0:00:15]} 6. a3 {[%emt 0:01:13]} Bf8 {[%emt 0:00:13]} 7. Ng3 {[%emt 0:00:18]} d5 {[%emt 0:00:33]} 8. cxd5 {[%emt 0:05:55]} exd5 {[%emt 0:00:33]} 9. Bd3 {[%emt 0:04:10]} a5 {[%emt 0:05:26]} 10. O-O {[%emt 0:02:05]} c6 {[%emt 0:01:34]} 11. Rb1 {[%emt 0:08:54]} Na6 {[%emt 0:06:01]} 12. Qc2 {[%emt 0:01:33]} g6 {[%emt 0:01:56]} 13. Bd2 {[%emt 0:03:48]} Bd7 {[%emt 0:21:19]} 14. Nce2 {[%emt 0:04:48]} Nc7 {[%emt 0:07:56]} 15. b4 {[%emt 0:07:24]} a4 {[%emt 0:02:06]} 16. f3 {[%emt 0:10:54]} Nb5 {[%emt 0:05:10]} 17. Bxb5 {[%emt 0:04:41]} cxb5 {[%emt 0:00:09]} 18. Qd3 {[%emt 0:03:13]} h5 {[%emt 0:03:52]} 19. Rbc1 {[%emt 0:02:18]} Qb6 {[%emt 0:05:43]} 20. Nc3 {[%emt 0:04:09]} Bg7 {[%emt 0:02:08]} 21. Kh1 {[%emt 0:07:31]} Rac8 {[%emt 0:07:55]} 22. e4 {[%emt 0:04:41]} h4 {[%emt 0:04:49]} 23. Nge2 {[%emt 0:00:32]} dxe4 {[%emt 0:01:08]} 24. fxe4 {[%emt 0:00:47]} h3 {[%emt 0:00:48]} 25. Bg5 {[%emt 0:05:55]} hxg2+ {[%emt 0:02:31]} 26. Kxg2 {[%emt 0:00:02]} Qe6 {[%emt 0:01:34]} 27. e5 {[%emt 0:10:22]} Bc6+ {[%emt 0:05:17]} 28. Kg1 {[%emt 0:00:21]} Nd5 {[%emt 0:03:44]} 29. h3 {[%emt 0:01:44]} Nxc3 {[%emt 0:02:09]} 30. Nxc3 {[%emt 0:00:46]} Bd5 {[%emt 0:01:20]} 31. Qe3 {[%emt 0:02:18]} Bc4 {[%emt 0:02:19]} 32. Rf3 {[%emt 0:00:37]} Bd5 {[%emt 0:02:42]} 33. Rf2 {[%emt 0:01:41]} Bc4 {[%emt 0:01:28]} 34. Ne4 {[%emt 0:00:43]} Bd5 {[%emt 0:01:11]} 35. Nf6+ {[%emt 0:01:01]} Bxf6 {[%emt 0:00:09]} 36. Rxc8 {[%emt 0:00:11]} Rxc8 {[%emt 0:00:51]} 37. Bxf6 {[%emt 0:00:11]} Kf8 {[%emt 0:01:04]} 38. Bh4 {[%emt 0:01:45]} Kg7 {[%emt 0:01:21]} 39. Bf6+ {[%emt 0:00:32]} Kf8 {[%emt 0:00:04]} 40. Bh4 Kg7 {[%emt 0:00:00]} 41. Rf6 {[%emt 0:16:00]} Qd7 {[%emt 0:10:10]} 42. Rd6 {[%emt 0:04:39]} Qf5 {[%emt 0:00:35]} 43. Rxd5 {[%emt 0:00:20]} Qb1+ {[%emt 0:00:57]} 44. Be1 {[%emt 0:00:19]} Rc1 {[%emt 0:01:50]} 45. Kf1 {[%emt 0:00:34]} Qf5+ {[%emt 0:01:11]} 46. Kg2 {[%emt 0:02:06]} Rd1 {[%emt 0:16:15]} 47. Qf3 {[%emt 0:06:15]} Qxf3+ {[%emt 0:00:37]} 48. Kxf3 {[%emt 0:00:02]} Rxe1 {[%emt 0:00:02]} 49. Rxb5 {[%emt 0:00:10]} Ra1 {[%emt 0:00:03]} 50. Rxb7 {[%emt 0:00:12]} Rxa3+ {[%emt 0:00:02]} 51. Ke4 {[%emt 0:00:59]} Kf8 {[%emt 0:00:31]} 52. Ra7 {[%emt 0:00:30]} Ra1 {[%emt 0:00:59]} 53. b5 {[%emt 0:03:06]} Rb1 {[%emt 0:01:21]} 54. Rxa4 {[%emt 0:00:45]} Rxb5 {[%emt 0:00:02]} 55. Ra3 {[%emt 0:00:01]} Ke7 {[%emt 0:00:44]} 56. Rf3 {[%emt 0:00:39]} Rb1 {[%emt 0:01:00]} 57. Kd5 {[%emt 0:00:53]} Rd1 {[%emt 0:00:16]} 58. Ra3 {[%emt 0:00:22]} Kf8 {[%emt 0:01:59]} 59. Kc5 {[%emt 0:00:26]} Ke7 {[%emt 0:00:22]} 60. Kd5 {[%emt 0:00:58]} Kf8 {[%emt 0:01:04]} 61. Rb3 {[%emt 0:01:10]} Rd2 {[%emt 0:00:27]} 62. Rc3 {[%emt 0:00:40]} Rd1 {[%emt 0:00:09]} 63. Rf3 {[%emt 0:00:45]} Ke7 {[%emt 0:00:08]} 64. Re3 {[%emt 0:00:11]} Kd7 {[%emt 0:01:25]} 65. Rg3 {[%emt 0:00:42]} Ke7 {[%emt 0:00:10]} 66. Re3 {[%emt 0:00:55]} Kd7 {[%emt 0:00:15]} 67. Re4 {[%emt 0:00:17]} Ra1 {[%emt 0:00:31]} 68. Rf4 {[%emt 0:00:17]} Ke7 {[%emt 0:00:18]} 69. h4 {[%emt 0:00:17]} Rh1 {[%emt 0:00:33]} 70. Rg4 {[%emt 0:00:21]} Rh2 {[%emt 0:00:19]} 71. Ke4 {[%emt 0:00:27]} Rh1 {[%emt 0:01:10]} 72. Kf4 {[%emt 0:00:25]} Ke6 {[%emt 0:00:18]} 73. Kg5 {[%emt 0:00:30]} Rh2 {[%emt 0:00:22]} 74. Rf4 {[%emt 0:00:53]} Ra2 {[%emt 0:02:07]} 75. Kh6 {[%emt 0:00:26]} Ra7 {[%emt 0:00:18]} 76. Rf6+ {[%emt 0:00:58]} Ke7 {[%emt 0:00:30]} 77. Kg7 {[%emt 0:00:17]} Ke8 {[%emt 0:00:11]} 78. e6 {[%emt 0:00:59]} fxe6+ {[%emt 0:00:45]} 79. Kxg6 {[%emt 0:00:01]} Re7 {[%emt 0:00:48]} 80. h5 {[%emt 0:00:29]} e5 {[%emt 0:00:19]} 81. h6 {[%emt 0:00:17]} exd4 {[%emt 0:00:38]} 82. h7 {[%emt 0:00:04]} 1-0

[Event "EYCC Open-U16 2019"]
[Site "Bratislava"]
[Date "2019.08.06"]
[Round "5.9"]
[White "Milosevic, Milos"]
[Black "Svanda, Ondrej"]
[Result "1-0"]
[WhiteElo "2312"]
[BlackElo "2234"]
[Annotator "NA"]
[PlyCount "57"]
[EventDate "2019.08.02"]
[EventType "swiss"]
[EventCountry "SVK"]
[SourceTitle "playchess.com"]
[Source "ChessBase"]
[SourceQuality "1"]
[TimeControl "40/5400+30:1800+30"]

1. e4 {[%emt 0:00:00]} c5 {[%emt 0:00:00]} 2. Nc3 {[%emt 0:00:00]} Nc6 {[%emt 0:00:00]} 3. f4 {[%emt 0:00:00]} g6 {[%emt 0:00:00]} 4. Nf3 {[%emt 0:00:00]} Bg7 {[%emt 0:00:04]} 5. a3 {[%emt 0:02:43]} e6 {[%emt 0:08:22]} 6. b4 {[%emt 0:00:12]} b6 {[%emt 0:00:22]} 7. e5 {[%emt 0:01:54]} d6 {[%emt 0:07:19]} 8. Bb5 {[%emt 0:12:08]} Nge7 {[%emt 0:02:17]} 9. Ne4 {[%emt 0:05:32]} dxe5 {[%emt 0:05:05]} 10. fxe5 {[%emt 0:02:17]} O-O {[%emt 0:01:18]} 11. Nf6+ {[%emt 0:00:47]} Kh8 {[%emt 0:00:33]} 12. Bb2 {[%emt 0:01:22]} Nd4 {[%emt 0:05:57]} 13. Nxd4 {[%emt 0:01:52]} cxd4 {[%emt 0:00:29]} 14. Qf3 {[%emt 0:06:54]} Rb8 {[%emt 0:04:10]} 15. O-O {[%emt 0:03:07]} a6 {[%emt 0:04:39]} 16. Bd3 {[%emt 0:00:12]} Nf5 {[%emt 0:20:07]} 17. Qf4 {[%emt 0:07:45]} Bb7 {[%emt 0:02:33]} 18. Rae1 {[%emt 0:13:49]} Rc8 {[%emt 0:10:03]} 19. Re2 {[%emt 0:15:39]} Bh6 {[%emt 0:05:41]} 20. Qg4 {[%emt 0:02:09]} Bg7 {[%emt 0:03:52]} 21. Rf4 {[%emt 0:01:30]} Qc7 {[%emt 0:04:31]} 22. g3 {[%emt 0:09:58]} Rfd8 {[%emt 0:03:12]} 23. Qh3 {[%emt 0:02:23]} h6 {[%emt 0:02:19]} 24. Bxf5 {[%emt 0:04:55]} g5 {[%emt 0:03:11]} 25. Rf1 {[%emt 0:01:05]} exf5 {[%emt 0:01:40]} 26. Qxf5 {[%emt 0:00:04]} Bxf6 {[%emt 0:00:58]} 27. Qxf6+ {[%emt 0:00:03]} Kg8 {[%emt 0:00:11]} 28. e6 {[%emt 0:00:55]} fxe6 {[%emt 0:02:03]} 29. Qxe6+ {[%emt 0:00:19]} 1-0

[Event "EYCC Open-U16 2019"]
[Site "Bratislava"]
[Date "2019.08.06"]
[Round "5.10"]
[White "Sjoberg, Isak"]
[Black "Dudin, Gleb"]
[Result "0-1"]
[WhiteElo "2182"]
[BlackElo "2283"]
[Annotator "NA"]
[PlyCount "92"]
[EventDate "2019.08.02"]
[EventType "swiss"]
[EventCountry "SVK"]
[SourceTitle "playchess.com"]
[Source "ChessBase"]
[SourceQuality "1"]
[TimeControl "40/5400+30:1800+30"]

1. e4 {[%emt 0:00:16]} c6 {[%emt 0:00:33]} 2. d4 {[%emt 0:00:31]} d5 {[%emt 0:00:08]} 3. Nc3 {[%emt 0:00:41]} a6 {[%emt 0:00:32]} 4. Nf3 {[%emt 0:04:20]} Bg4 {[%emt 0:00:29]} 5. Be2 {[%emt 0:06:18]} e6 {[%emt 0:00:33]} 6. O-O {[%emt 0:01:51]} Nf6 {[%emt 0:03:21]} 7. Bg5 {[%emt 0:11:00]} Be7 {[%emt 0:09:16]} 8. e5 {[%emt 0:20:13]} Nfd7 {[%emt 0:05:04]} 9. Bxe7 {[%emt 0:00:14]} Qxe7 {[%emt 0:00:06]} 10. Ne1 {[%emt 0:04:38]} Bf5 {[%emt 0:04:46]} 11. g4 {[%emt 0:09:02]} Bg6 {[%emt 0:03:26]} 12. f4 {[%emt 0:00:29]} h6 {[%emt 0:01:51]} 13. f5 {[%emt 0:04:04]} Bh7 {[%emt 0:06:29]} 14. fxe6 {[%emt 0:04:37]} fxe6 {[%emt 0:13:08]} 15. Bd3 {[%emt 0:03:09]} g5 {[%emt 0:25:20]} 16. b4 {[%emt 0:07:32]} Qxb4 {[%emt 0:10:31]} 17. Bxh7 {[%emt 0:00:23]} Rxh7 {[%emt 0:00:05]} 18. Qd3 {[%emt 0:00:18]} Qe7 {[%emt 0:00:07]} 19. Rb1 {[%emt 0:03:33]} b5 {[%emt 0:01:14]} 20. Qg6+ {[%emt 0:02:33]} Kd8 {[%emt 0:00:35]} 21. Nd3 {[%emt 0:00:19]} Kc7 {[%emt 0:01:38]} 22. a4 {[%emt 0:00:28]} Rg7 {[%emt 0:04:54]} 23. Qh5 {[%emt 0:02:51]} Nb6 {[%emt 0:04:51]} 24. Rf2 {[%emt 0:05:21]} N8d7 {[%emt 0:00:42]} 25. Rbf1 {[%emt 0:01:56]} Rf8 {[%emt 0:00:34]} 26. Rxf8 {[%emt 0:00:33]} Nxf8 {[%emt 0:00:00]} 27. Qxh6 {[%emt 0:01:29]} Nbd7 {[%emt 0:01:22]} 28. Qh3 {[%emt 0:00:51]} Ng6 {[%emt 0:01:34]} 29. axb5 {[%emt 0:00:06]} axb5 {[%emt 0:00:36]} 30. Qe3 {[%emt 0:00:58]} Nh4 {[%emt 0:00:41]} 31. Ra1 {[%emt 0:00:57]} Kb7 {[%emt 0:00:16]} 32. Nc5+ {[%emt 0:01:28]} Nxc5 {[%emt 0:00:19]} 33. dxc5 {[%emt 0:01:18]} d4 {[%emt 0:00:34]} 34. Qc1 {[%emt 0:00:00]} Qxc5 {[%emt 0:00:47]} 35. Ne4 {[%emt 0:00:06]} Qxe5 {[%emt 0:00:27]} 36. Qa3 {[%emt 0:00:19]} Qxe4 {[%emt 0:00:17]} 37. Qa7+ {[%emt 0:01:55]} Kc8 {[%emt 0:00:02]} 38. Qa8+ {[%emt 0:00:11]} Kd7 {[%emt 0:00:18]} 39. Ra7+ {[%emt 0:01:16]} Kd6 {[%emt 0:00:02]} 40. Qd8+ {[%emt 0:00:00]} Kc5 {[%emt 0:00:00]} 41. Qf8+ {[%emt 0:03:14]} Kd5 {[%emt 0:01:50]} 42. c4+ {[%emt 0:00:06]} Kxc4 {[%emt 0:01:30]} 43. Qf1+ {[%emt 0:00:53]} d3 {[%emt 0:00:37]} 44. Qc1+ {[%emt 0:01:50]} Kd5 {[%emt 0:00:30]} 45. Rd7+ {[%emt 0:01:12]} Rxd7 {[%emt 0:00:11]} 46. Qxg5+ {[%emt 0:00:06]} Kd6 {[%emt 0:00:57]} 0-1

[Event "EYCC Open-U16 2019"]
[Site "Bratislava"]
[Date "2019.08.06"]
[Round "5.11"]
[White "Risteski, Emil"]
[Black "Mis, Mieszko"]
[Result "1/2-1/2"]
[WhiteElo "2150"]
[BlackElo "2284"]
[Annotator "NA"]
[PlyCount "62"]
[EventDate "2019.08.02"]
[EventType "swiss"]
[EventCountry "SVK"]
[SourceTitle "playchess.com"]
[Source "ChessBase"]
[SourceQuality "1"]
[TimeControl "40/5400+30:1800+30"]

1. e4 {[%emt 0:00:00]} c6 {[%emt 0:00:00]} 2. d4 {[%emt 0:00:03]} d5 {[%emt 0:00:00]} 3. e5 {[%emt 0:00:05]} Bf5 {[%emt 0:00:30]} 4. h4 {[%emt 0:00:09]} h6 {[%emt 0:00:37]} 5. g4 {[%emt 0:00:18]} Bd7 {[%emt 0:00:03]} 6. Be3 {[%emt 0:00:28]} e6 {[%emt 0:02:07]} 7. Nc3 {[%emt 0:00:40]} Qb6 {[%emt 0:00:38]} 8. Na4 {[%emt 0:02:37]} Qa5+ {[%emt 0:00:10]} 9. c3 {[%emt 0:00:05]} b6 {[%emt 0:00:11]} 10. b4 {[%emt 0:00:56]} Bxb4 {[%emt 0:00:01]} 11. cxb4 {[%emt 0:00:06]} Qxb4+ {[%emt 0:00:02]} 12. Bd2 {[%emt 0:00:08]} Qxd4 {[%emt 0:00:03]} 13. Nf3 {[%emt 0:00:19]} Qxg4 {[%emt 0:00:04]} 14. h5 {[%emt 0:02:21]} Qe4+ {[%emt 0:44:19]} 15. Be2 {[%emt 0:00:09]} c5 {[%emt 0:04:30]} 16. Rh4 {[%emt 0:13:32]} Bxa4 {[%emt 0:01:59]} 17. Qxa4+ {[%emt 0:00:07]} Qxa4 {[%emt 0:00:05]} 18. Rxa4 {[%emt 0:00:05]} Nc6 {[%emt 0:04:52]} 19. Rb1 {[%emt 0:00:58]} O-O-O {[%emt 0:06:38]} 20. Rg4 {[%emt 0:01:02]} Nge7 {[%emt 0:01:10]} 21. Rxg7 {[%emt 0:00:20]} Rdf8 {[%emt 0:00:25]} 22. Bd3 {[%emt 0:11:12]} f6 {[%emt 0:09:53]} 23. exf6 {[%emt 0:07:01]} Rxf6 {[%emt 0:00:02]} 24. Nh4 {[%emt 0:00:18]} c4 {[%emt 0:03:41]} 25. Ng6 {[%emt 0:02:15]} Nxg6 {[%emt 0:00:54]} 26. Rxg6 {[%emt 0:01:18]} Rf3 {[%emt 0:04:47]} 27. Be2 {[%emt 0:04:23]} Rh3 {[%emt 0:00:13]} 28. Rxe6 {[%emt 0:21:46]} Nd4 {[%emt 0:01:34]} 29. Re7 {[%emt 0:00:33]} Rh1+ {[%emt 0:02:17]} 30. Bf1 {[%emt 0:00:06]} Nf3+ {[%emt 0:00:27]} 31. Ke2 {[%emt 0:00:08]} Nd4+ {[%emt 0:00:04]} 1/2-1/2